| 000 | 01233cab a22002535a 4500 | ||
|---|---|---|---|
| 001 | L144227 | ||
| 008 | 080704s2008 xxko f 000 0 eng d | ||
| 035 | _a(Sirsi) u144227 | ||
| 041 | 0 | _aeng | |
| 100 | 1 | _aCouch, Chris | |
| 245 | 0 | 0 |
_aThirty years of regeneration in France, Germany and Britain _bpart 1 - spatial, institutional and urban context |
| 260 | _c2008 | ||
| 490 |
_aTown & Country Planning _v77(6), 187-192(6) |
||
| 520 | _aFirst of two articles exploring the thirty years of urban regeneration in Britain following the Inner Urban Areas Act (1978). Compares the British experience of regeneration with those of France and Germany and looks at the emergence of urban regeneration policies in these countries, in their spatial and institutional contexts. In addition to discussing policy differences, the article comments on the nature of urban areas and key issues for regeneration and neighbourhood renewal in the areas discussed. | ||
| 590 | _aKA | ||
| 650 | 2 | 4 | _aINNER URBAN AREAS ACT 1978 |
| 650 | 2 | 4 | _aREGIONAL DEVELOPMENT AGENCIES |
| 651 | 4 | _aFRANCE | |
| 651 | 4 | _aGERMANY | |
| 651 | 4 | _aUNITED KINGDOM | |
| 690 | _aPROPERTY-PROPERTY MANAGEMENT-REGENERATION | ||
| 700 | 1 | _aSykes, Olivier | |
| 942 | _n0 | ||
| 999 |
_c80397 _d80397 |
||